000 00370nam a2200169Ia 4500
100 _aRich/Elaine/ Knight /K
650 _aArtificial Intelligence
250 _a3
942 _cBK
366 _f25
245 _aArtificial intelligence
260 _bMCGRAW HILL PUBL.
_c2009
082 _a6.3
_bRIC
300 _a568
546 _aENGLISH
_cPAMPHALETS
999 _c27631
_d27631